[Event "Cappelle Online Rapid op"]
[Site "Europe Echecs INT"]
[Date "2021.03.06"]
[Round "2"]
[White "Roussat, Fabien"]
[Black "Martini, Lionel"]
[Result "1-0"]
[WhiteElo "1681"]
[BlackElo "1318"]
[PlyCount "51"]
[EventDate "2021.03.06"]
[EventType "swiss (rapid)"]
[EventRounds "9"]
[EventCountry "FRA"]
[SourceTitle "CBM 201 Extra"]
[Source "ChessBase"]
[SourceDate "2021.05.31"]
[SourceVersion "1"]
[SourceVersionDate "2021.05.31"]
[SourceQuality "1"]

1. e4 d5 2. exd5 e6 3. d4 Nf6 4. c4 c6 5. dxc6 Nxc6 6. Be3 e5 7. d5 Nb8 8. Nc3 Bb4 9. Qa4+ Bd7 10. Qxb4 Qc7 11. Nb5 Bxb5 12. Qxb5+ Nfd7 13. Qb4 a5 14. Qa3 Nb6 15. Nf3 Na6 16. d6 Qc6 17. Bxb6 Qxb6 18. d7+ Kxd7 19. 0-0-0+ Kc7 20. Qe7+ Kb8 21. Nxe5 Ka7 22. Rd6 Qc7 23. Nc6+ bxc6 24. Rd7 Kb6 25. c5+ Kb7 26. Bxa6+ 1-0

[Event "Gorges op 29th"]
[Site "Gorges"]
[Date "2019.07.06"]
[Round "2"]
[White "Martini, Lionel"]
[Black "Kervadec, Jean"]
[Result "0-1"]
[WhiteElo "1389"]
[BlackElo "1445"]
[PlyCount "84"]
[EventDate "2019.07.05"]
[EventType "swiss"]
[EventRounds "5"]
[EventCountry "FRA"]
[SourceTitle "EXT 2020"]
[Source "ChessBase"]
[SourceDate "2019.10.17"]
[SourceVersion "1"]
[SourceVersionDate "2019.10.17"]
[SourceQuality "1"]

1. c4 e5 2. Nc3 Nf6 3. Nf3 Nc6 4. g3 b6 5. Bg2 Rb8 6. 0-0 Bb7 7. Qb3 Bc5 8. Na4 Nd4 9. Nxd4 Bxg2 10. Kxg2 exd4 11. Nxc5 bxc5 12. Qa3 Qe7 13. Qxa7 0-0 14. e3 d3 15. f3 d5 16. cxd5 Nxd5 17. Qa3 Nb4 18. Qc3 Rfd8 19. e4 Qd6 20. b3 Nc2 21. Bb2 f6 22. Rab1 Qb6 23. e5 fxe5 24. Qxe5 Nd4 25. Rbc1 Qb4 26. Rf2 Re8 27. Qd5+ Kf8 28. Qxc5+ Qxc5 29. Rxc5 Nc2 30. Rxc7 Re2 31. Rd7 Ne1+ 32. Kf1 Rbe8 33. Rxe2 Rxe2 34. Rxg7 Nxf3 35. Rxh7 Nxd2+ 36. Kg1 Nf3+ 37. Kf1 Rxb2 38. Rd7 d2 39. Ke2 Ke8 40. Rd3 Nxh2 41. a4 Ng4 42. Kf3 Ne5+ 0-1

[Event "Rohde op 12th"]
[Site "Sautron"]
[Date "2012.11.??"]
[Round "8"]
[White "Le Gallo, Frederic"]
[Black "Martini, Lionel"]
[Result "1-0"]
[WhiteElo "1983"]
[BlackElo "1511"]
[PlyCount "21"]
[EventDate "2012.10.27"]
[EventType "swiss"]
[EventRounds "9"]
[EventCountry "FRA"]
[SourceTitle "EXT 2014"]
[Source "ChessBase"]
[SourceDate "2013.11.20"]
[SourceVersion "1"]
[SourceVersionDate "2013.11.20"]
[SourceQuality "1"]

1. e4 e6 2. d4 d5 3. Nc3 Bb4 4. exd5 Qxd5 5. Nge2 Nf6 6. Bd2 Qd6 7. Bf4 Qd5 8. a3 Bxc3+ 9. Nxc3 Qf5 10. Bxc7 Ng4 11. Qd2 1-0

[Event "Rohde op 12th"]
[Site "Sautron"]
[Date "2012.11.??"]
[Round "9"]
[White "Martini, Lionel"]
[Black "Dubois, Marie"]
[Result "0-1"]
[WhiteElo "1511"]
[BlackElo "1829"]
[PlyCount "24"]
[EventDate "2012.10.27"]
[EventType "swiss"]
[EventRounds "9"]
[EventCountry "FRA"]
[SourceTitle "EXT 2014"]
[Source "ChessBase"]
[SourceDate "2013.11.20"]
[SourceVersion "1"]
[SourceVersionDate "2013.11.20"]
[SourceQuality "1"]

1. e4 c5 2. Nf3 d6 3. d4 cxd4 4. Nxd4 Nf6 5. Nc3 a6 6. Bg5 e6 7. f4 h6 8. Bh4 Qb6 9. Nb3 Qe3+ 10. Qe2 Qxf4 11. Bg3 Qg5 12. h4 Qxg3+ 0-1

[Event "Gorges op 22th"]
[Site "Gorges"]
[Date "2012.07.11"]
[Round "5"]
[White "Le Baut, Daniel"]
[Black "Martini, Lionel"]
[Result "1-0"]
[WhiteElo "1560"]
[BlackElo "1553"]
[PlyCount "121"]
[EventDate "2012.07.08"]
[EventType "swiss"]
[EventRounds "7"]
[EventCountry "FRA"]
[SourceTitle "CBM 149 Extra"]
[Source "ChessBase"]
[SourceDate "2012.08.24"]
[SourceVersion "1"]
[SourceVersionDate "2012.08.24"]
[SourceQuality "1"]

1. e4 e6 2. d4 d5 3. Nc3 c5 4. exd5 exd5 5. dxc5 d4 6. Nb5 Bxc5 7. Nf3 Nc6 8. Be2 a6 9. Na3 Nf6 10. 0-0 0-0 11. Bg5 b5 12. Rc1 Be6 13. Nb1 Nb4 14. Nbd2 Bf5 15. Nb3 Qb6 16. Nxc5 Qxc5 17. Qxd4 Qxd4 18. Nxd4 Bg6 19. Bxf6 gxf6 20. c3 Nd5 21. Bf3 Rad8 22. Bxd5 Rxd5 23. Rfe1 Kh8 24. Re7 Rg8 25. Rce1 Rdd8 26. Ra7 Rde8 27. Ree7 h6 28. f3 Bh5 29. Kf2 Kh7 30. Nf5 Rd8 31. Rad7 Rc8 32. Nd6 Rcf8 33. Nxf7 Bxf7 34. Rxf7+ Kg6 35. Rxf8 Rxf8 36. Ra7 Rd8 37. Rxa6 Rd2+ 38. Kg3 Rxb2 39. Ra3 Kf5 40. Rb3 Rxa2 41. Rxb5+ Ke6 42. c4 Rc2 43. c5 Kd5 44. Rb6 f5 45. Rxh6 Rxc5 46. Kf4 Kd4 47. Rh5 Rc2 48. Rg5 Rd2 49. Kxf5 Ke3 50. h4 Kf2 51. h5 Rd4 52. h6 Rh4 53. Kg6 Rd4 54. h7 Rd6+ 55. Kg7 Rd7+ 56. Kh6 Rd8 57. Rg7 Rd6+ 58. Rg6 Rd8 59. f4 Ke3 60. f5 Kf4 61. g4 1-0

[Event "Cholet-G"]
[Site "Cholet"]
[Date "2012.02.20"]
[Round "3"]
[White "Martini, Lionel"]
[Black "Maldonado, Marcos"]
[Result "0-1"]
[WhiteElo "1568"]
[BlackElo "1499"]
[PlyCount "108"]
[EventDate "2012.02.18"]
[EventType "swiss"]
[EventRounds "7"]
[EventCountry "FRA"]
[SourceTitle "EXT 2013"]
[Source "ChessBase"]
[SourceDate "2012.11.22"]
[SourceVersion "1"]
[SourceVersionDate "2012.11.22"]
[SourceQuality "1"]

1. e4 Nc6 2. Nf3 d6 3. Bc4 Bg4 4. 0-0 e6 5. d3 Ne5 6. Nbd2 Nxc4 7. Nxc4 Be7 8. Be3 Bf6 9. Rb1 Ne7 10. Ncd2 c5 11. Qc1 Nc6 12. Re1 0-0 13. e5 Nxe5 14. Nxe5 Bxe5 15. Bxc5 Bxh2+ 16. Kxh2 Qh4+ 17. Kg1 dxc5 18. Ne4 Rad8 19. Qf4 Rd5 20. f3 f5 21. Nf2 Rd4 22. Qh2 Qxh2+ 23. Kxh2 Bh5 24. Rxe6 Re8 25. Rxe8+ Bxe8 26. Re1 Bc6 27. Re7 Kf8 28. Rc7 Rd7 29. Rc8+ Kf7 30. Nh3 Re7 31. Nf4 g5 32. Nh3 h6 33. Ng1 Re1 34. Rc7+ Kf6 35. Rc8 Rc1 36. c3 Rc2 37. d4 cxd4 38. cxd4 Rxb2 39. Rd8 Rxa2 40. Rd6+ Kg7 41. Kg3 a5 42. Re6 a4 43. Ne2 Rc2 44. Re3 f4+ 45. Nxf4 gxf4+ 46. Kxf4 Rxg2 47. Rd3 Bd5 48. Rc3 Kf6 49. Rc5 Rg5 50. Ra5 Rf5+ 51. Ke3 Rxf3+ 52. Ke2 Bc6 53. d5 Rf5 54. Ra8 Rxd5 0-1

[Event "Cholet-G"]
[Site "Cholet"]
[Date "2012.02.18"]
[Round "1"]
[White "Martini, Lionel"]
[Black "Popov, Boris"]
[Result "1/2-1/2"]
[WhiteElo "1568"]
[BlackElo "1499"]
[PlyCount "106"]
[EventDate "2012.02.18"]
[EventType "swiss"]
[EventRounds "7"]
[EventCountry "FRA"]
[SourceTitle "EXT 2013"]
[Source "ChessBase"]
[SourceDate "2012.11.22"]
[SourceVersion "1"]
[SourceVersionDate "2012.11.22"]
[SourceQuality "1"]

1. e4 c6 2. Nc3 d5 3. d4 dxe4 4. Nxe4 Nf6 5. Nxf6+ gxf6 6. Nf3 Bg4 7. Be2 e6 8. 0-0 Rg8 9. Bf4 Bd6 10. Bxd6 Qxd6 11. c3 Bh3 12. Ne1 Nd7 13. Qb3 0-0-0 14. c4 Bg4 15. Bxg4 Rxg4 16. Nf3 Rdg8 17. g3 h5 18. Kh1 e5 19. c5 Qd5 20. Qxd5 cxd5 21. Rfd1 e4 22. Nh4 R4g5 23. b4 Nb8 24. Re1 Nc6 25. f4 exf3 26. Nxf3 Rf5 27. Nh4 Rf2 28. Kg1 Rd2 29. Nf5 Rf8 30. b5 Nxd4 31. Ne7+ Kd7 32. Nxd5 Nf3+ 33. Kf1 Rxd5 34. Red1 Rxd1+ 35. Rxd1+ Kc7 36. Kg2 Ng5 37. h4 Ne6 38. Rd5 Rd8 39. Rxh5 Rd2+ 40. Kh3 Rxa2 41. Rh7 Nxc5 42. Rxf7+ Kd8 43. Rxf6 Ke7 44. Rf5 Ne6 45. Rh5 Kf7 46. Rf5+ Kg7 47. h5 Nd4 48. Rd5 Nf3 49. Rd7+ Kh6 50. g4 b6 51. Kg3 Ng5 52. Kh4 Nf3+ 53. Kg3 Ng5 1/2-1/2

[Event "Cholet-C"]
[Site "Cholet"]
[Date "2011.03.10"]
[Round "8"]
[White "Martini, Lionel"]
[Black "Julien, Jules Alois"]
[Result "1-0"]
[WhiteElo "1631"]
[BlackElo "1612"]
[PlyCount "95"]
[EventDate "2011.03.05"]
[EventType "tourn"]
[EventRounds "9"]
[EventCountry "FRA"]
[SourceTitle "EXT 2012"]
[Source "ChessBase"]
[SourceDate "2011.11.24"]
[SourceVersion "1"]
[SourceVersionDate "2011.11.24"]
[SourceQuality "1"]

1. c4 Nf6 2. Nc3 e6 3. d3 d5 4. cxd5 Nxd5 5. g3 Bb4 6. Bd2 0-0 7. a3 Ba5 8. b4 Bb6 9. Nf3 a6 10. Bg2 Nc6 11. 0-0 Nf6 12. Qc1 e5 13. Na4 Ba7 14. Nc5 Bxc5 15. Qxc5 Re8 16. Bc3 Nd7 17. Qc4 Nb6 18. Qb3 Be6 19. Qc2 Nd4 20. Nxd4 exd4 21. Bb2 Bd5 22. Rfe1 Bxg2 23. Kxg2 Re6 24. Kg1 Qe7 25. Bxd4 Re8 26. e4 Qd8 27. Bb2 Rd6 28. Qc3 f6 29. Re3 Kh8 30. Qc2 Re7 31. e5 fxe5 32. Bxe5 Rdd7 33. Rae1 Nd5 34. Re4 Nf6 35. R4e2 Rxd3 36. Bxf6 Rxe2 37. Bxd8 Rxe1+ 38. Kg2 Rxd8 39. Qxc7 Rf8 40. Qxb7 Re2 41. Qa7 Re6 42. a4 Re4 43. Qxa6 Rxb4 44. Qd6 Rfb8 45. a5 Rb1 46. a6 Rg8 47. a7 Rb7 48. Qa6 1-0

[Event "Cholet-C"]
[Site "Cholet"]
[Date "2011.03.05"]
[Round "1"]
[White "Martini, Lionel"]
[Black "Kneib, Bernard"]
[Result "1-0"]
[WhiteElo "1631"]
[BlackElo "1571"]
[PlyCount "29"]
[EventDate "2011.03.05"]
[EventType "tourn"]
[EventRounds "9"]
[EventCountry "FRA"]
[SourceTitle "EXT 2012"]
[Source "ChessBase"]
[SourceDate "2011.11.24"]
[SourceVersion "1"]
[SourceVersionDate "2011.11.24"]
[SourceQuality "1"]

1. e4 d6 2. Nf3 Nf6 3. Nc3 g6 4. Bc4 Bg7 5. 0-0 0-0 6. d4 Nxe4 7. Bxf7+ Rxf7 8. Nxe4 Nc6 9. Neg5 Rf8 10. Qe2 Nxd4 11. Nxd4 e5 12. Nde6 Bxe6 13. Nxe6 Qf6 14. Nxf8 Rxf8 15. Be3 1-0

[Event "Gorges op 18th"]
[Site "Gorges"]
[Date "2008.07.??"]
[Round "3"]
[White "Martini, Lionel"]
[Black "Dubois, Pierre"]
[Result "0-1"]
[WhiteElo "1480"]
[BlackElo "1840"]
[PlyCount "55"]
[EventDate "2008.07.??"]
[EventType "swiss"]
[EventRounds "7"]
[EventCountry "FRA"]
[SourceTitle "CBM 125 Extra"]
[Source "ChessBase"]
[SourceDate "2008.09.01"]
[SourceVersion "1"]
[SourceVersionDate "2008.09.01"]
[SourceQuality "1"]

1. e4 e5 2. Nf3 Nc6 3. Bc4 Nf6 4. 0-0 Nxe4 5. Re1 d5 6. Bb5 f6 7. d3 Nd6 8. Bxc6+ bxc6 9. Nxe5 fxe5 10. Rxe5+ Kf7 11. Qf3+ Qf6 12. Bf4 Nf5 13. Nc3 Nd4 14. Qg3 Bd6 15. Rae1 Nxc2 16. Bg5 Nxe1 17. Bxf6 gxf6 18. Qe3 Bxe5 19. Qxe1 Rb8 20. b3 Bf5 21. Qd2 Rbe8 22. d4 Bxd4 23. h3 Bxc3 24. Qxc3 Rd8 25. Qxc6 d4 26. Qxc7+ Rd7 27. Qc4+ Be6 28. f4 0-1

[Event "Gorges op 18th"]
[Site "Gorges"]
[Date "2008.07.??"]
[Round "1"]
[White "Martini, Lionel"]
[Black "Gallant, Jeremy"]
[Result "0-1"]
[WhiteElo "1480"]
[BlackElo "1649"]
[PlyCount "20"]
[EventDate "2008.07.??"]
[EventType "swiss"]
[EventRounds "7"]
[EventCountry "FRA"]
[SourceTitle "CBM 125 Extra"]
[Source "ChessBase"]
[SourceDate "2008.09.01"]
[SourceVersion "1"]
[SourceVersionDate "2008.09.01"]
[SourceQuality "1"]

1. e4 c5 2. c3 Nf6 3. e5 Nd5 4. Bc4 Nb6 5. Qb3 e6 6. Nf3 Nc6 7. Bd3 c4 8. Bxc4 Na5 9. Qb5 Naxc4 10. d3 a6 0-1

[Event "Gorges op 17th"]
[Site "Gorges"]
[Date "2007.??.??"]
[Round "5"]
[White "Bapst, Valentin"]
[Black "Martini, Lionel"]
[Result "1/2-1/2"]
[WhiteElo "1570"]
[BlackElo "1380"]
[PlyCount "62"]
[EventDate "2007.07.08"]
[EventType "swiss"]
[EventRounds "7"]
[EventCountry "FRA"]
[SourceTitle "CBM 119 Extra"]
[Source "ChessBase"]
[SourceDate "2007.09.04"]
[SourceVersion "1"]
[SourceVersionDate "2007.09.04"]
[SourceQuality "1"]

1. e4 e6 2. d4 d5 3. Nc3 c5 4. exd5 exd5 5. dxc5 Nf6 6. Bg5 d4 7. Bxf6 Qxf6 8. Nb5 Qc6 9. Nxd4 Qxc5 10. Nb3 Qb6 11. Qd4 Qe6+ 12. Be2 Nc6 13. Qd2 Be7 14. Nf3 0-0 15. c3 Rd8 16. Nbd4 Nxd4 17. Nxd4 Qb6 18. 0-0 Be6 19. Bd3 Bd7 20. Qc2 h6 21. Rfe1 Bc5 22. Nf5 Kf8 23. b4 Bd6 24. Nxd6 Qxd6 25. Rad1 Qf6 26. Re3 Rac8 27. Be4 b6 28. Rf3 Qg5 29. Rg3 Qf6 30. Rf3 Qe7 31. Re3 Qg5 1/2-1/2

[Event "Sautron Retif op 0405"]
[Site "Sautron"]
[Date "2004.11.27"]
[Round "3"]
[White "Gayon, Pierre"]
[Black "Martini, Lionel"]
[Result "1-0"]
[WhiteElo "1320"]
[BlackElo "1410"]
[PlyCount "89"]
[EventDate "2004.10.16"]
[EventType "swiss"]
[EventRounds "7"]
[EventCountry "FRA"]
[SourceTitle "EXT 2007"]
[Source "ChessBase"]
[SourceDate "2006.11.23"]
[SourceVersion "1"]
[SourceVersionDate "2006.11.23"]
[SourceQuality "1"]

1. e4 e6 2. d4 d5 3. e5 c5 4. c3 Qb6 5. Nf3 Bd7 6. Qc2 Bb5 7. Bd3 Bxd3 8. Qxd3 Ne7 9. 0-0 Nf5 10. Nbd2 Nc6 11. Rd1 cxd4 12. c4 Nb4 13. Qb3 Qa6 14. cxd5 Nxd5 15. Qc4 Nb6 16. Qxa6 bxa6 17. Ne4 Rd8 18. Bg5 Be7 19. Rac1 Bxg5 20. Nexg5 0-0 21. Rc7 Na4 22. Rd2 Rc8 23. Rxc8 Rxc8 24. g4 Nh6 25. h3 Nb6 26. Nxd4 Rd8 27. b3 a5 28. f4 a4 29. Ngf3 a3 30. Kf2 a5 31. Nc6 Rxd2+ 32. Nxd2 a4 33. b4 Kf8 34. Ke3 Ke8 35. Kd4 Kd7 36. b5 Nc8 37. Nc4 Kc7 38. Kc5 f6 39. Nd6 Ng8 40. Nxc8 Kxc8 41. b6 g6 42. Kb5 Kb7 43. Na7 Kb8 44. Ka6 Ne7 45. exf6 1-0

[Event "Rohde op 03rd"]
[Site "Sautron"]
[Date "2003.10.30"]
[Round "6"]
[White "Martini, Lionel"]
[Black "Gallant, Aurelien"]
[Result "1-0"]
[WhiteElo "1320"]
[BlackElo "1430"]
[PlyCount "80"]
[EventDate "2003.10.25"]
[EventType "swiss"]
[EventRounds "9"]
[EventCountry "FRA"]
[SourceTitle "EXT 2004"]
[Source "ChessBase"]
[SourceDate "2003.11.25"]
[SourceVersion "1"]
[SourceVersionDate "2003.11.25"]
[SourceQuality "1"]

1. c4 e5 2. Nc3 Nf6 3. g3 Bb4 4. Qc2 0-0 5. Bg2 c6 6. e4 a6 7. a3 Bc5 8. a4 d6 9. Nh3 Ne8 10. d3 f5 11. 0-0 Nc7 12. Be3 f4 13. gxf4 exf4 14. Nxf4 Bxe3 15. fxe3 Qg5 16. Rf2 Bg4 17. Raf1 Nd7 18. h3 Be6 19. d4 Bxc4 20. Nce2 Bxe2 21. Qxe2 h6 22. Qc4+ Kh8 23. d5 c5 24. b4 Ne5 25. Qc2 c4 26. b5 axb5 27. axb5 Nxb5 28. Qd2 Nc7 29. Ne6 Nxe6 30. dxe6 Qe7 31. Qd1 Qxe6 32. Rxf8+ Rxf8 33. Rxf8+ Kh7 34. Rf1 c3 35. Rf2 b5 36. Qb1 Qc4 37. Bf1 Qc5 38. Qxb5 Nf3+ 39. Rxf3 Qa3 40. Bd3 Qb2 1-0